01040nam a2200205 a 4500008004100000050001600041100001900057245002400076246004300100250001200143260002700155300001100182350000900193700001700202995016400219995016400383999001700547952013500564952013500699120416s1944 ||||||||||||||||| || u aE 185.6 Myr aMyrdal, Gunnar13aAn American dilemma athe Negro problem and modern democracy a6th ed. aNew YorkbHarperc1944 a2 vols a0.00 aRose, Arnold aMAIN LIBRARY OPEN ACCESSD0.00e709880FCBU-MAIN LIBRARY (Kitwe)H1I8.00jE 185.6 MyrM1UAVAILABLEWOct 11, 2006y001185ZMain Library Open Access Collection aMAIN LIBRARY OPEN ACCESSD0.00e709881FCBU-MAIN LIBRARY (Kitwe)H2I8.00jE 185.6 MyrM1UAVAILABLEWOct 11, 2006y001186ZMain Library Open Access Collection c83900d83900 00102lcc4070a001b001cMain Library Open Access Collectiond2024-01-08l0oE 185.6 Myrp001185r2024-01-08t1w2024-01-08y002 00102lcc4070a001b001cMain Library Open Access Collectiond2024-01-08l0oE 185.6 Myrp001186r2024-01-08t2w2024-01-08y002